000 00858nam a22002531u 4500
001 07353
003 HDC
007 cr bn ---aaaaa
008 210127p9999 o d 00 engg
040 _aHDC
100 _aLever, John
_eauthor
_9114
245 0 _aHalal and Kosher Supply Chain Development / by
_cJohn Lever
260 _a[No Place] :
_b[publisher not identified],
_c[no year]
300 _a27 pages :
_billustrations
336 _atext
_2rdacontent
337 _acomputer
_2rdamedia
338 _aonline resource
_2rdacarrier
650 _aHalal development
_92173
650 _akosher supply chain
_97896
856 _zRequest full-text at [email protected]
942 _2lcc
942 _cSLIDE
942 _kSLID 000772
999 _c4677
_d4677